Working with men's groups / (Record no. 292)

MARC details
000 -LEADER
fixed length control field 01036cam a2200277 a 4500
005 - DATE AND TIME OF LATEST TRANSACTION
control field 20260322212014.0
008 - FIXED-LENGTH DATA ELEMENTS--GENERAL INFORMATION
fixed length control field data
010 ## - LIBRARY OF CONGRESS CONTROL NUMBER
LC control number 95138956
020 ## - INTERNATIONAL STANDARD BOOK NUMBER
International Standard Book Number 0938586971 (v. 1)
020 ## - INTERNATIONAL STANDARD BOOK NUMBER
International Standard Book Number 9780938586975 (v. 1)
040 ## - CATALOGING SOURCE
Original cataloging agency DLC
Transcribing agency DLC
043 ## - GEOGRAPHIC AREA CODE
Geographic area code n-us---
050 00 - LIBRARY OF CONGRESS CALL NUMBER
Classification number HV1441.8.U5
Item number K37 1995
096 ## - LOCALLY ASSIGNED NLM-TYPE CALL NUMBER (OCLC)
Classification number WA 306 K37 1995
001 - CONTROL NUMBER
control field data
100 1# - MAIN ENTRY--PERSONAL NAME
Personal name Karsk, Roger S.
245 10 - TITLE STATEMENT
Title Working with men's groups /
Statement of responsibility, etc. Roger S. Karsk & Bill Thomas.
260 ## - PUBLICATION, DISTRIBUTION, ETC.
Place of publication, distribution, etc. Duluth, Minn. :
Name of publisher, distributor, etc. Whole Person Associates,
Date of publication, distribution, etc. c1995-
300 ## - PHYSICAL DESCRIPTION
Extent v. <1 > :
Other physical details ill. ;
Dimensions 23 cm.
500 ## - GENERAL NOTE
General note "A portion of this material has been previously published under the same title in 1979 and 1987"--T.p. verso.
504 ## - BIBLIOGRAPHY, ETC. NOTE
Bibliography, etc. note Includes bibliographical references.
505 1# - FORMATTED CONTENTS NOTE
Formatted contents note v. 1. Structured exercises in: consciousness raising, self-discovery, intimacy, parenting
650 #0 - SUBJECT ADDED ENTRY--TOPICAL TERM
Topical term or geographic name entry element Social work with men
Geographic subdivision United States
General subdivision Problems, exercises, etc.
650 #0 - SUBJECT ADDED ENTRY--TOPICAL TERM
Topical term or geographic name entry element Social group work
Geographic subdivision United States
General subdivision Problems, exercises, etc.
700 1# - ADDED ENTRY--PERSONAL NAME
Personal name Thomas, Bill,
Dates associated with a name 1945 April 20-
Holdings
Withdrawn status Lost status Damaged status Not for loan Home library Current library Shelving location Date acquired Total checkouts Full call number Barcode Date last seen Price effective from Koha item type
        Centerville Centerville General stacks 22/03/2026   HV1441.8.U5 K37 1995 BC0010301 22/03/2026 22/03/2026 Books